| 000 | 00438nam a2200157Ia 4500 | ||
|---|---|---|---|
| 008 | 240729s9999 xx 000 0 und d | ||
| 022 | _a2213-9567 | ||
| 245 | 0 | _aJournal of Magnesium and Alloys | |
| 260 | _aChina | ||
| 260 | _bKeAi Communications Co., Ltd. | ||
| 650 | _a Mining engineering. Metallurgy | ||
| 650 | _aTechnology | ||
| 856 | _uhttps://doaj.org/toc/d63113c0d2604386b4be06d965123b63 | ||
| 942 | _2ddc | ||
| 942 | _cDOAJEJ | ||
| 999 |
_c67656 _d67656 |
||
| 945 |
_a1 _bMadushi Gamage _c1 _dMadushi Gamage |
||